Statistics for みずほ銀行の本店・支店・営業部・出張所名

Click here to take the quiz!

General Stats

  • This quiz has been taken 45 times
  • The average score is 180 of 490

Answer Stats

管轄支店営業所番号店舗名% Correct
北海道813札幌支店
97%
山形県728山形支店
97%
北海道087札幌法人支店
97%
福島県710いわき支店
97%
福島県715福島支店
97%
宮城県084仙台法人支店
97%
宮城県723仙台支店
97%
茨城県316水戸支店
97%
岩手県732盛岡支店
97%
北海道814旭川支店
97%
青森県730青森支店
97%
秋田県720秋田支店
97%
群馬県310前橋支店
95%
栃木県705宇都宮支店
95%
北海道735函館支店
92%
茨城県697つくば支店
92%
北海道722釧路支店
92%
福島県724郡山支店
92%
千葉県280千葉支店
89%
群馬県311高崎支店
89%
埼玉県541浦和支店
87%
三重県464津支店
84%
埼玉県447大宮支店
84%
埼玉県534越谷支店
84%
福島県725会津支店
84%
埼玉県273川越支店
84%
三重県466伊勢支店
82%
埼玉県300川口支店
82%
千葉県335成田支店
82%
埼玉県223春日部支店
82%
千葉県329柏支店
82%
奈良県620奈良支店
82%
茨城県712取手支店
82%
愛知県431名古屋支店
79%
愛知県082名古屋法人支店
79%
静岡県421静岡支店
79%
京都府430京都支店
79%
千葉県325市川支店
79%
東京23区240新宿支店
79%
富山県085富山法人支店
79%
東京23区093新宿法人支店
79%
富山県402富山支店
79%
北海道815帯広支店
79%
茨城県713日立支店
79%
栃木県706栃木支店
79%
栃木県708小山支店
79%
新潟県400新潟支店
79%
京都府092京都法人支店
79%
千葉県286松戸支店
79%
長野県426長野支店
79%
兵庫県490神戸支店
79%
兵庫県081神戸法人支店
79%
静岡県590浜松支店
76%
滋賀県469大津支店
76%
千葉県282船橋支店
76%
東京23区001東京営業部
76%
福井県406福井支店
76%
岐阜県428岐阜支店
76%
佐賀県676佐賀支店
76%
石川県420金沢支店
76%
大分県685大分支店
76%
長崎県679長崎支店
76%
鹿児島県623鹿児島支店
76%
大阪府440大阪支店
76%
山梨県408甲府支店
76%
和歌山県624和歌山支店
76%
埼玉県535熊谷支店
76%
神奈川県 | 静岡県096浜松法人支店
76%
熊本県675熊本支店
76%
宮崎県688宮崎支店
76%
大阪府080大阪法人支店
76%
沖縄県693那覇支店
76%
東京23区195品川支店
74%
長野県320松本支店
74%
東京23区210渋谷支店
74%
千葉県327木更津支店
74%
愛媛県651松山支店
74%
埼玉県558所沢支店
74%
福岡県660福岡支店
71%
徳島県645徳島支店
71%
神奈川県357横浜支店
71%
岡山県521岡山支店
71%
広島県636広島支店
71%
広島県086広島法人支店
71%
東京23区194目黒支店
71%
山口県643山口支店
71%
東京23区230池袋支店
71%
香川県088高松法人支店
71%
香川県647高松支店
71%
福岡県083福岡法人支店
71%
福岡県641下関出張所
71%
神奈川県091横浜法人支店
71%
高知県653高知支店
68%
東京23区107上野支店
68%
神奈川県376小田原支店
68%
岡山県523倉敷支店
68%
神奈川県390横須賀支店
68%
神奈川県370川崎支店
68%
東京23区166板橋支店
68%
兵庫県615姫路支店
68%
三重県465四日市支店
68%
鳥取県627鳥取支店
68%
島根県630松江支店
68%
福岡県611北九州支店
66%
埼玉県307久喜支店
66%
東京都下116町田支店
66%
埼玉県297上尾支店
66%
東京23区108神田支店
66%
神奈川県678海老名支店
66%
栃木県707足利支店
66%
神奈川県374茅ヶ崎支店
66%
東京23区197蒲田支店
63%
愛知県455岡崎支店
63%
東京23区130新橋支店
63%
神奈川県378武蔵小杉支店
63%
東京都下247三鷹支店
63%
東京都下546立川支店
63%
東京都下260八王子支店
63%
埼玉県302草加支店
63%
千葉県334津田沼支店
63%
埼玉県308朝霞支店
63%
神奈川県377藤沢支店
63%
奈良県486生駒支店
61%
神奈川県348相模原支店
61%
神奈川県363戸塚支店
61%
埼玉県305わらび支店
61%
大阪府562高槻支店
61%
兵庫県600尼崎支店
61%
東京23区351中野支店
61%
東京23区179綾瀬支店
61%
神奈川県372平塚支店
61%
神奈川県362鶴見支店
58%
東京23区244荻窪支店
58%
神奈川県760鎌倉支店
58%
静岡県422三島支店
58%
神奈川県373大船支店
58%
東京23区196大森支店
58%
東京都下538多摩支店
58%
神奈川県758厚木支店
58%
愛知県454一宮支店
58%
東京都下275国分寺支店
58%
東京都下246吉祥寺支店
58%
東京23区203赤羽支店
58%
大阪府569堺支店
58%
愛媛県650今治支店
58%
東京都下128府中支店
55%
東京23区148浜松町支店
55%
茨城県677守谷支店
55%
東京23区038日本橋支店
55%
東京23区188恵比寿支店
55%
東京23区559駒込支店
55%
東京23区061飯田橋支店
55%
埼玉県752三郷支店
55%
東京23区035銀座支店
55%
東京23区120五反田支店
55%
福岡県661久留米支店
55%
大阪府468茨木支店
55%
東京23区024京橋支店
53%
東京都下261調布支店
53%
東京23区527千住支店
53%
東京23区557王子支店
53%
埼玉県530桶川支店
53%
東京23区542大崎支店
53%
神奈川県382逗子支店
53%
東京23区064高田馬場支店
53%
東京23区193大塚支店
53%
東京23区537豊洲支店
53%
群馬県701館林支店
53%
東京23区242金町支店
50%
兵庫県616明石支店
50%
兵庫県604伊丹支店
50%
大阪府470難波支店
50%
東京23区529阿佐ヶ谷支店
50%
東京都下114小金井支店
50%
東京23区132中目黒支店
50%
千葉県284本八幡支店
50%
東京23区121大井町支店
50%
神奈川県387橋本支店
50%
東京23区175亀戸支店
50%
埼玉県279古河支店
50%
東京23区618浅草支店
50%
東京都下270日野支店
47%
東京23区594小岩支店
47%
東京23区178亀有支店
47%
東京23区322錦糸町支店
47%
神奈川県366長津田支店
47%
埼玉県303飯能支店
47%
東京23区207市ヶ谷支店
47%
東京23区020押上支店
47%
兵庫県448芦屋支店
47%
東京23区212世田谷支店
47%
大阪府576枚方支店
47%
東京23区143羽田支店
47%
大阪府483八尾支店
47%
東京23区176葛飾支店
45%
東京23区200十条支店
42%
千葉県336稲毛支店
42%
東京23区352高砂支店
42%
大阪府467守口支店
42%
大阪府459池田支店
42%
東京都下271田無支店
42%
神奈川県662菊名出張所
42%
埼玉県626ふじみ野支店
42%
東京23区036四谷支店
42%
東京23区053六本木支店
42%
東京23区145大岡山支店
42%
山口県642徳山支店
42%
東京23区533自由が丘支店
42%
千葉県341西船橋支店
42%
神奈川県388溝ノ口支店
42%
京都府438伏見支店
42%
東京都下731清瀬支店
39%
静岡県419清水支店
39%
東京23区532九段支店
39%
福岡県612八幡支店
39%
千葉県332八千代支店
39%
大阪府471住吉支店
39%
千葉県342新浦安支店
39%
神奈川県380相模大野支店
39%
神奈川県738たまプラーザ支店
39%
東京23区539赤坂支店
39%
大阪府484東大阪支店
39%
東京23区239成増支店
39%
神奈川県281湘南台支店
37%
東京23区250平井支店
37%
兵庫県496川西支店
37%
東京都下487武蔵境支店
37%
東京23区068早稲田支店
37%
東京23区046虎ノ門支店
37%
東京23区044白金出張所
37%
東京23区112大手町営業部
37%
東京23区226石神井支店
37%
埼玉県306南浦和支店
37%
東京23区531麻布支店
37%
神奈川県364上大岡支店
37%
東京都下258狛江支店
34%
兵庫県491灘支店
34%
千葉県326鎌ヶ谷支店
34%
東京都下257多摩センター支店
34%
神奈川県365二俣川支店
34%
埼玉県759さいたま新都心出張所
34%
東京23区054芝支店
34%
東京都下747東久留米支店
34%
東京23区015築地支店
34%
神奈川県356新横浜支店
34%
神奈川県556日吉支店
34%
東京23区312足立支店
34%
神奈川県599あざみ野支店
34%
千葉県338五井支店
34%
神奈川県899金沢文庫支店
32%
神奈川県383秦野支店
32%
千葉県339新松戸支店
32%
埼玉県764西川口支店
32%
神奈川県838東戸塚支店
32%
神奈川県389辻堂支店
32%
神奈川県395青葉台支店
32%
東京23区670東陽町支店
32%
東京23区161笹塚支店
32%
東京23区211青山支店
32%
東京23区198馬込支店
32%
東京23区245西荻窪支店
32%
東京23区613玉川支店
32%
東京23区628大山支店
32%
大阪府591千里中央支店
29%
東京23区022浅草橋支店
29%
神奈川県379鷺沼支店
29%
京都府475四条支店
29%
埼玉県842武蔵浦和支店
29%
東京23区228大泉支店
29%
福岡県664門司出張所
29%
千葉県288行徳支店
29%
東京23区174中野坂上支店
29%
東京23区021麹町支店
26%
東京23区217志村支店
26%
東京23区744永福町支店
26%
東京23区445成城支店
26%
東京23区561西葛西支店
26%
神奈川県344新杉田支店
26%
東京23区784羽田空港出張所
26%
大阪府586十三支店
24%
埼玉県589せんげん台支店
24%
東京23区213北沢支店
24%
東京23区224祐天寺支店
24%
東京23区729江古田支店
24%
東京23区057広尾支店
24%
神奈川県393新百合ヶ丘支店
24%
兵庫県489西宮北口支店
24%
東京23区160三ノ輪支店
24%
東京23区146神谷町支店
24%
千葉県287勝田台支店
24%
大阪府463天満橋支店
24%
神奈川県540向ヶ丘支店
21%
京都府587出町支店
21%
神奈川県359綱島支店
21%
東京23区127新川支店
21%
東京23区248方南町支店
21%
奈良県621西大寺支店
21%
東京23区181高井戸出張所
21%
大阪府582江坂支店
21%
東京23区075本郷支店
21%
神奈川県397鴨居支店
21%
振込専用支店644東武支店
21%
大阪府479和泉中央支店
18%
兵庫県608長田支店
18%
大阪府564九条支店
18%
東京23区846瑞江出張所
18%
東京23区235根津支店
18%
東京23区545江戸川橋支店
18%
埼玉県299鶴瀬支店
18%
東京23区689光が丘支店
18%
東京23区583千歳船橋支店
18%
東京23区736経堂支店
18%
東京都下768高幡不動支店
18%
東京都下782南大沢支店
18%
東京23区446深川支店
18%
東京23区225桜台支店
16%
東京23区497尾久支店
16%
東京23区220烏山支店
16%
東京23区123戸越支店
16%
東京23区050本所支店
16%
神奈川県665宮前平支店
16%
東京23区249中井支店
16%
岡山県525福山支店
16%
埼玉県 | 東京23区769池尻大橋支店
16%
東京23区238東武練馬支店
13%
兵庫県495垂水支店
13%
神奈川県367三ツ境支店
13%
神奈川県742十日市場支店
13%
東京23区100本店
13%
埼玉県294新所沢支店
13%
東京23区544駒沢支店
13%
兵庫県565塚口支店
13%
神奈川県398洋光台支店
13%
大阪府480今里支店
11%
東京23区172鷺宮支店
11%
東京23区170沼袋支店
11%
東京23区353新宿西口支店
11%
大阪府563四ツ橋支店
11%
大阪府481平野支店
11%
千葉県 | 東京23区746稲毛海岸支店
11%
大阪府462香里支店
11%
千葉県340ユーカリが丘支店
11%
東京23区111内幸町営業部
11%
東京23区184浜田山支店
11%
千葉県754八千代緑が丘支店
11%
東京都下276久米川支店
11%
東京都下262ひばりが丘支店
11%
神奈川県290横浜中央支店
11%
神奈川県292横浜駅前支店
8%
千葉県753鎌取出張所
8%
神奈川県635上永谷出張所
8%
千葉県343五香支店
8%
東京23区568上野毛支店
8%
東京23区186品川駅前支店
8%
千葉県333北小金支店
8%
東京23区319外苑前支店
8%
神奈川県550鶴ヶ峰支店
8%
大阪府516阿倍野橋支店
8%
東京23区110東京中央支店
8%
東京都下895八丈島出張所
8%
京都府493長岡天神支店
8%
神奈川県743港北ニュータウン支店
8%
東京23区090稲荷町支店
8%
東京23区221祖師谷支店
8%
愛知県498名駅支店
5%
東京23区027兜町支店
5%
東京23区755大島駅前出張所
5%
神奈川県632市が尾支店
5%
東京23区435久が原支店
5%
愛知県411名古屋駅前支店
5%
東京23区199高輪台支店
5%
奈良県698学園前支店
5%
東京23区066新宿中央支店
5%
東京23区133都立大学駅前支店
5%
神奈川県547小田急相模原支店
5%
大阪府502大阪中央支店
5%
大阪府444阪急梅田支店
5%
東京23区169蓮根支店
5%
大阪府 | 東京23区513船場支店
5%
京都府473京都中央支店
5%
大阪府507堂島支店
5%
神奈川県381衣笠支店
5%
東京23区177小松川支店
5%
神奈川県361横浜東口支店
3%
東京23区209新宿新都心支店
3%
埼玉県298川越駅前支店
3%
振込専用支店551シラカバ支店
3%
東京23区040横山町支店
3%
神奈川県392追浜支店
3%
東京23区105小舟町支店
3%
東京23区028銀座通支店
3%
東京23区125銀座中央支店
3%
千葉県893市川妙典支店
3%
東京23区026八重洲口支店
3%
東京23区785日本橋浜町出張所
3%
神奈川県391鵠沼支店
3%
東京23区229池袋西口支店
3%
東京23区777東京都庁出張所
3%
大阪府578吹田駅前支店
3%
東京23区251高円寺北口支店
3%
東京23区243中野北口支店
3%
大阪府593京阪京橋支店
3%
東京23区162渋谷中央支店
3%
東京都下255八坂支店
3%
東京都下272調布仙川支店
3%
東京都下549玉川学園前支店
3%
大阪府518西野田支店
3%
東京都下347日野駅前支店
3%
愛知県492名古屋中央支店
3%
東京23区318上池上支店
3%
東京23区009神田駅前支店
3%
東京都下548八王子南口支店
3%
大阪府574山本支店
3%
東京都下745東青梅支店
3%
東京23区629雷門支店
3%
東京都下770稲城中央支店
3%
東京23区236動坂支店
3%
大阪府485枚岡支店
3%
東京23区216荏原支店
3%
振込専用支店983十七号支店
0%
振込専用支店832第八集中支店
0%
振込専用支店833第九集中支店
0%
振込専用支店834第十集中支店
0%
振込専用支店835第十一集中支店
0%
振込専用支店156三号支店
0%
振込専用支店554四号支店
0%
振込専用支店157五号支店
0%
振込専用支店159七号支店
0%
振込専用支店163八号支店
0%
振込専用支店151十二号支店
0%
振込専用支店152十四号支店
0%
振込専用支店153十五号支店
0%
振込専用支店982十六号支店
0%
東京都下619大島特別出張所
0%
振込専用支店988カゴメ支店
0%
振込専用支店986十八号支店
0%
振込専用支店987十九号支店
0%
振込専用支店797第五集中支店
0%
口座振替専用支店798第六集中支店
0%
振込専用支店652二十三号支店
0%
振込専用支店659二十四号支店
0%
振込専用支店681二十六号支店
0%
振込専用支店690二十七号支店
0%
振込専用支店154日産支店
0%
口座振替専用支店555サザンカ支店
0%
振込専用支店168ジャックス支店
0%
振込専用支店985みずほ証券支店
0%
振込専用支店981ヤナセ支店
0%
振込専用支店799第七集中支店
0%
振込専用支店794第二集中支店
0%
振込専用支店796第四集中支店
0%
振込専用支店795第三集中支店
0%
大阪府571大阪東支店
0%
東京23区078東京法人営業部
0%
東京23区113兜町証券営業部
0%
神奈川県592鶴見駅前支店
0%
東京都下254長房出張所
0%
東京23区004丸の内中央支店
0%
東京23区253東京ファッションタウン出張所
0%
東京23区051新橋中央支店
0%
東京23区622東京中央市場内出張所
0%
大阪府503南船場支店
0%
東京23区631千束町支店
0%
東京23区625恵比寿ガーデン出張所
0%
東京23区165放送センター出張所
0%
神奈川県672緑園都市支店
0%
東京23区237練馬富士見台支店
0%
振込専用支店552ハナミズキ支店
0%
東京23区699羽田空港第二出張所
0%
振込専用支店822集中第一支店
0%
振込専用支店694ブナ支店
0%
振込専用支店692アケビ支店
0%
振込専用支店663ツツジ支店
0%
振込専用支店654ユリノキ支店
0%
振込専用支店649ナンテン支店
0%
東京23区069新宿南口支店
0%
振込専用支店640クヌギ支店
0%
振込専用支店639モクレン支店
0%
振込専用支店609キンモクセイ支店
0%
振込専用支店553サツキ支店
0%
振込専用支店646モミノキ支店
0%
振込専用支店980JTBトラベランド支店
0%
振込専用支店984JTB振込用支店
0%

Score Distribution

Percentile by Number Answered

Percent of People with Each Score

Your Score History

You have not taken this quiz